[Event "Titled Tue 3rd Jun Early"]
[Site "chess.com INT"]
[Date "2025.06.03"]
[Round "9"]
[White "Gelman, Alexander"]
[Black "Dogan, Umut Anil"]
[Result "0-1"]
[WhiteTitle "IM"]
[BlackTitle "CM"]
[WhiteElo "2403"]
[BlackElo "2123"]
[WhiteFideId "4118316"]
[BlackFideId "51618060"]
[EventDate "2025.06.03"]

1. d4 d5 2. Nc3 Nf6 3. Bf4 e6 4. Nb5 Na6 5. e3 c6 6. Nc3 Bd6 7. Bxa6 bxa6 8. Na4
O-O 9. Nf3 Ne4 10. Nd2 Bxf4 11. exf4 Qa5 12. c3 Nxd2 13. Kxd2 f6 14. b4 Qc7 15.
Qf3 e5 16. Rhe1 a5 17. Nc5 axb4 18. cxb4 Rb8 19. a3 exf4 20. Re2 a5 21. Qc3 axb4
22. axb4 Qb6 23. Re7 Rf7 24. Re8+ Rf8 25. Re7 Qxb4 26. Raa7 Qxc3+ 27. Kxc3 Bf5
28. Rxg7+ Kh8 29. Ne6 Rfe8 30. Nxf4 Rb1 31. g4 Be4 32. f3 Rc1+ 33. Kb2 Rc2+ 34.
Ka3 Rc3+ 35. Kb4 Rxf3 0-1

[Event "Titled Tue 3rd Jun Early"]
[Site "chess.com INT"]
[Date "2025.06.03"]
[Round "9"]
[White "Sharshenbekov, Emir"]
[Black "Lau, Lut Yin Luke"]
[Result "1/2-1/2"]
[WhiteTitle "CM"]
[BlackTitle "CM"]
[WhiteElo "2091"]
[BlackElo "2243"]
[WhiteFideId "13810634"]
[BlackFideId "6002226"]
[EventDate "2025.06.03"]

1. e4 g6 2. d4 Bg7 3. Nc3 d5 4. exd5 Nf6 5. Bb5+ Nbd7 6. Nge2 O-O 7. O-O Nb6 8.
Bg5 Nfxd5 9. Qd2 c6 10. Bd3 Re8 11. Rad1 Nxc3 12. bxc3 Qd5 13. Bh6 Bh8 14. Nf4
Qd6 15. Rfe1 Bg4 16. f3 Bd7 17. Bf1 Rad8 18. h4 Bf5 19. Qf2 e5 20. dxe5 Qxd1 21.
Rxd1 Rxd1 22. g4 Bc8 23. Nd3 Bxe5 24. Nxe5 Rxe5 25. Kg2 Nd5 26. Bd2 Re8 27. c4
Nb6 28. Bd3 Be6 29. Bc3 Rd8 30. Qe2 Nxc4 31. Bxc4 Bxc4 32. Qxc4 R1d5 33. Kg3 h5
34. g5 Re8 35. Qf4 Rf5 36. Qd4 Kf8 37. Bb4+ Kg8 38. Bc3 Kf8 39. Qd6+ Kg8 40. Qd4 1/2-1/2

[Event "Titled Tue 3rd Jun Early"]
[Site "chess.com INT"]
[Date "2025.06.03"]
[Round "9"]
[White "Grot, Blazej"]
[Black "Uzuner, Tufan Can"]
[Result "0-1"]
[WhiteTitle "CM"]
[BlackTitle "CM"]
[WhiteElo "2217"]
[BlackElo "1886"]
[WhiteFideId "21835845"]
[BlackFideId "6300499"]
[EventDate "2025.06.03"]

1. e4 c6 2. d4 d5 3. e5 Bf5 4. h4 h5 5. Be2 e6 6. Bxh5 c5 7. c3 cxd4 8. cxd4 Nc6
9. g3 Rxh5 10. Qxh5 Nxd4 11. Ne2 Nc2+ 12. Kf1 Nxa1 13. Nbc3 a6 14. Nd4 Bg6 15.
Qg4 Nc2 16. h5 Bd3+ 17. Kg2 Nxd4 18. Qxd4 Bh7 19. Be3 Rc8 20. Na4 Rc4 21. Qd1
Bc2 22. Qe2 Bxa4 23. b3 Re4 24. bxa4 Bc5 25. Rb1 Bxe3 26. fxe3 Qc7 27. Qd2 Rc4
28. Rb2 Nh6 29. Qf2 Ng4 30. Qf3 Nxe5 31. Qd1 Qc6 32. Kh3 Nd7 33. Qf3 Nf6 34. Rf2
Rc2 35. Rf1 d4 36. exd4 Qxf3 37. Rxf3 Rxa2 38. Rb3 Rxa4 39. Rxb7 Rxd4 40. Rb8+
Ke7 41. Rb7+ Rd7 42. Rb6 Ra7 43. Rxa6 Rxa6 0-1

[Event "Titled Tue 3rd Jun Early"]
[Site "chess.com INT"]
[Date "2025.06.03"]
[Round "9"]
[White "Fedorov, Artem Alek"]
[Black "Rubio, Lloyd"]
[Result "1-0"]
[WhiteTitle "CM"]
[WhiteElo "2198"]
[BlackElo "2167"]
[WhiteFideId "34418431"]
[BlackFideId "5210453"]
[EventDate "2025.06.03"]

1. e4 e6 2. d4 d5 3. Nc3 Bb4 4. e5 c5 5. a3 Bxc3+ 6. bxc3 Ne7 7. Qg4 Qc7 8. Bd3
cxd4 9. Ne2 dxc3 10. Qxg7 Rg8 11. Qxh7 Nbc6 12. Bf4 Bd7 13. O-O O-O-O 14. Qh5
Rh8 15. Qf3 Nxe5 16. Qe3 N7c6 17. Nd4 f6 18. Nxc6 Bxc6 19. Qxa7 d4 20. Bg3 Qd6
21. Rfe1 Rdg8 22. Be4 Rxg3 23. Qa8+ Kc7 24. Qxh8 Rg4 25. Qh7+ Kb8 26. h3 Rg5 27.
f4 Nf3+ 28. Bxf3 Bxf3 29. fxg5 Qg3 30. Re2 Bxe2 31. gxf6 Bf3 32. Qg7 Qf4 33. f7
Qe3+ 34. Kh1 Bxg2+ 35. Qxg2 Qf4 36. Rf1 1-0

[Event "Titled Tue 3rd Jun Early"]
[Site "chess.com INT"]
[Date "2025.06.03"]
[Round "9"]
[White "Sakun, Volodymyr"]
[Black "Lopez Rayo, Isabella"]
[Result "0-1"]
[WhiteTitle "FM"]
[BlackTitle "WFM"]
[WhiteElo "2301"]
[BlackElo "2021"]
[WhiteFideId "14114062"]
[BlackFideId "4452755"]
[EventDate "2025.06.03"]

1. Nf3 Nf6 2. c4 e6 3. Nc3 d5 4. e3 c5 5. cxd5 exd5 6. d4 Nc6 7. Be2 Bg4 8. O-O
Bd6 9. dxc5 Bxc5 10. b3 O-O 11. Bb2 Re8 12. h3 Bh5 13. Rc1 Bd6 14. Nb5 Bb8 15.
Nfd4 Bxe2 16. Nxe2 Ne4 17. Nbd4 Ne5 18. Nf4 Ng6 19. Nxg6 hxg6 20. Nf3 Bc7 21.
Qd4 Nf6 22. Rfd1 Bb6 23. Qh4 Qd6 24. Bd4 Bc7 25. Bc5 Qe6 26. Ng5 Qf5 27. Bxa7
Bd8 28. Bd4 Nh5 29. f4 f6 30. Nf3 Rxa2 31. Qg4 Qe4 32. Nd2 Qd3 33. Nf1 Qe4 34.
Qf3 Qxf3 35. gxf3 f5 36. Rc7 Bxc7 37. Bc5 b6 38. Bd4 Ra3 39. Rc1 Bd6 40. Bxb6
Rxb3 41. Bd4 Ba3 42. Rc7 Bb2 43. Ba7 Bf6 0-1

[Event "Titled Tue 3rd Jun Early"]
[Site "chess.com INT"]
[Date "2025.06.03"]
[Round "9"]
[White "Asish Panda"]
[Black "Mottola, Max"]
[Result "1-0"]
[WhiteElo "1911"]
[BlackElo "2128"]
[WhiteFideId "45012458"]
[BlackFideId "30985862"]
[EventDate "2025.06.03"]

1. e4 d5 2. exd5 Qxd5 3. Nc3 Qa5 4. Nf3 Nf6 5. d4 Bf5 6. Bd3 e6 7. O-O c6 8. Re1
Bd6 9. Ne5 Bxd3 10. Qxd3 Qc7 11. Bf4 O-O 12. Ne4 Nxe4 13. Qxe4 Nd7 14. Nxd7 Qxd7
15. Bxd6 Qxd6 16. h4 h5 17. Re3 Rfd8 18. c3 g6 19. Rg3 Kg7 20. Re1 Qd5 21. Qb1
Qf5 22. Qxf5 exf5 23. Re7 Rab8 24. Rge3 Kf6 25. Rc7 Rdc8 26. Rce7 c5 27. d5 Rd8
28. c4 b5 29. b3 bxc4 30. bxc4 Rb1+ 31. Kh2 Rb4 32. Rxa7 Rxc4 33. Ree7 Rf8 34.
Rec7 Rxh4+ 35. Kg1 c4 36. d6 Rd4 37. Rc6 Rd8 38. Rcc7 R8xd6 39. Rxf7+ Kg5 40.
Rfc7 Rd1+ 41. Kh2 R6d4 42. g3 h4 43. Ra3 R1d3 44. Rxc4 hxg3+ 45. Kg2 Rxa3 46.
Rxd4 gxf2 47. Rd2 Rf3 48. Kf1 1-0

[Event "Titled Tue 3rd Jun Early"]
[Site "chess.com INT"]
[Date "2025.06.03"]
[Round "9"]
[White "Lyakh, Vasiliy"]
[Black "Harshavardhan, G B"]
[Result "0-1"]
[BlackTitle "IM"]
[WhiteElo "2116"]
[BlackElo "2441"]
[WhiteFideId "14189828"]
[BlackFideId "25059009"]
[EventDate "2025.06.03"]

1. d4 Nf6 2. c4 c5 3. d5 b5 4. cxb5 a6 5. bxa6 Bxa6 6. Nc3 g6 7. e4 Bxf1 8. Kxf1
d6 9. Nf3 Bg7 10. g3 O-O 11. Kg2 Nbd7 12. a4 Qa5 13. Re1 Rfb8 14. h3 Ne8 15. Qc2
Nc7 16. Bd2 Qb6 17. Reb1 Qb3 18. Qd3 Nb6 19. Ra3 Qc4 20. Qc2 Qa6 21. b3 c4 22.
a5 Nd7 23. b4 Nb5 24. Nxb5 Qxb5 25. Bc3 Be5 26. Nd4 Bxd4 27. Bxd4 e5 28. Be3 f5
29. Rc3 Rc8 30. f3 fxe4 31. fxe4 Rc7 32. Bg5 Re8 33. Rf3 Rf8 34. Rxf8+ Nxf8 35.
Bd2 c3 36. Bxc3 Nd7 37. Ra1 Qa6 38. b5 Qxb5 39. a6 Ra7 40. Qb2 Qd3 41. Ra4 Rxa6
42. Rxa6 Qxa6 43. Bb4 Nf6 44. Qc2 h5 45. Bc3 Qc4 46. Kf3 Qf1+ 47. Ke3 Qg1+ 48.
Kd3 Qxg3+ 49. Kc4 Qf3 50. Bb4 Nxe4 0-1

[Event "Titled Tue 3rd Jun Early"]
[Site "chess.com INT"]
[Date "2025.06.03"]
[Round "9"]
[White "Nugumanov, Bakhtiyar"]
[Black "Brenke, Andreas"]
[Result "1-0"]
[WhiteTitle "IM"]
[BlackTitle "FM"]
[WhiteElo "2305"]
[BlackElo "2349"]
[WhiteFideId "13701797"]
[BlackFideId "4602900"]
[EventDate "2025.06.03"]

1. e4 c6 2. d4 d5 3. e5 c5 4. Nf3 cxd4 5. Qxd4 Nc6 6. Qf4 g6 7. c4 Bh6 8. Ng5 f6
9. exf6 exf6 10. cxd5 fxg5 11. Qe3+ Nce7 12. Qe5 Qxd5 13. Qxh8 Bg4 14. Nc3 Qe6+
15. Be3 O-O-O 16. Qxh7 Nf5 17. Be2 Nxe3 18. fxe3 Qxe3 19. Rd1 Rxd1+ 20. Kxd1
Bxe2+ 21. Nxe2 Nf6 22. Qxh6 Ne4 23. Qf8+ Kc7 24. Qe7+ Kc8 25. Qe6+ Kc7 26. Qc4+
Kb8 27. Kc2 Qd2+ 28. Kb1 Qe3 29. Rd1 Nd2+ 30. Rxd2 Qxd2 31. a3 a6 32. Qg8+ Ka7
33. Qe6 Qd1+ 34. Ka2 Qd2 35. Qe5 Qc2 36. Qh8 Qc4+ 37. Ka1 Qxe2 38. Qd4+ Ka8 39.
Qg1 Qe4 40. g3 Kb8 41. Qc1 g4 42. Qf1 Ka8 43. Qf8+ Ka7 44. Qc5+ Ka8 45. Ka2 Qf5
46. Qxf5 gxf5 47. Kb3 Kb8 48. Kc4 Kc7 49. Kd5 b5 50. Ke5 Kc6 51. b4 Kb6 52. Kxf5 1-0

[Event "Titled Tue 3rd Jun Early"]
[Site "chess.com INT"]
[Date "2025.06.03"]
[Round "9"]
[White "Klymchuk, Andriy"]
[Black "Sheehan, Ethan"]
[Result "0-1"]
[WhiteTitle "FM"]
[WhiteElo "2405"]
[BlackElo "2380"]
[WhiteFideId "14140063"]
[BlackFideId "30943965"]
[EventDate "2025.06.03"]

1. e4 c5 2. d4 cxd4 3. Qxd4 Nc6 4. Qd3 Nf6 5. Nc3 g6 6. Nf3 Bg7 7. Be2 O-O 8.
O-O d6 9. Nd5 Be6 10. c3 Nd7 11. Re1 Rc8 12. h3 a6 13. Bf1 b5 14. Qd1 Nc5 15.
Bg5 Na4 16. Qd2 Re8 17. Rac1 Ne5 18. Nxe5 Bxe5 19. Be3 Bg7 20. Bd4 Bxd4 21. cxd4
Bxd5 22. exd5 Nb6 23. Qa5 Ra8 24. g3 Nxd5 25. Qxd8 Raxd8 26. Bg2 Nb4 27. Rc7 e6
28. a3 Nd3 29. Re2 Rc8 30. Ra7 Rc4 31. Rd2 Rxd4 32. Rxa6 Rc8 33. Bf1 Rc1 34. Rb6
b4 35. a4 Ra1 36. b3 d5 37. h4 Kg7 38. Rc2 Ne1 39. Re2 Rdd1 40. Kh2 Nf3+ 41. Kg2
Nd4 42. Re3 Rxf1 43. Rxb4 Nc2 0-1

[Event "Titled Tue 3rd Jun Early"]
[Site "chess.com INT"]
[Date "2025.06.03"]
[Round "9"]
[White "Lira, Suan Bruno Fernandes"]
[Black "Gurevich, Dmitry"]
[Result "1-0"]
[BlackTitle "GM"]
[WhiteElo "2163"]
[BlackElo "2347"]
[WhiteFideId "22794620"]
[BlackFideId "2000407"]
[EventDate "2025.06.03"]

1. e4 c5 2. Nf3 d6 3. d4 cxd4 4. Nxd4 Nf6 5. Nc3 Nc6 6. Bg5 e6 7. f3 Be7 8. Qd2
O-O 9. O-O-O Nxd4 10. Qxd4 a6 11. h4 b5 12. Kb1 Bb7 13. g4 Rc8 14. Bd3 Qc7 15.
h5 h6 16. Bc1 Rfd8 17. Qg1 d5 18. g5 hxg5 19. Bxg5 dxe4 20. Nxe4 Nxe4 21. fxe4
Bxg5 22. Qxg5 Qc5 23. Qg3 Kh8 24. Rhg1 Rg8 25. Qf4 Qe7 26. e5 f5 27. exf6 Qxf6
28. Qe3 Rcf8 29. Rdf1 Qh4 30. Rxf8 Rxf8 31. Qe5 Qf6 32. Qc7 Bd5 33. b3 Qf7 34.
Qe5 Qf6 35. Qd6 Qf7 36. h6 gxh6 37. Rg6 Qf4 38. Qxf4 1-0

[Event "Titled Tue 3rd Jun Early"]
[Site "chess.com INT"]
[Date "2025.06.03"]
[Round "9"]
[White "Moinzai, Khushal"]
[Black "Miserendino, Alfredo"]
[Result "0-1"]
[WhiteTitle "FM"]
[WhiteElo "1894"]
[BlackElo "2032"]
[WhiteFideId "11701200"]
[BlackFideId "101800"]
[EventDate "2025.06.03"]

1. e4 c5 2. Nc3 e6 3. f4 g6 4. Bc4 Bg7 5. Nf3 Ne7 6. d3 d5 7. Bb3 c4 8. dxc4
dxe4 9. Nxe4 Qxd1+ 10. Kxd1 O-O 11. c5 Na6 12. c3 Bd7 13. Be3 Bc6 14. Nd6 b6 15.
Ke2 Nxc5 16. Bxc5 bxc5 17. Rad1 Rfd8 18. Ne5 Bxe5 19. fxe5 Bxg2 20. Rhg1 Bd5 21.
c4 Bc6 22. Bc2 Nf5 23. Bxf5 exf5 24. Ke3 Rd7 25. Kf4 Rad8 26. Rde1 Re7 27. Nxf5
Re6 28. Nh6+ Kg7 29. Nf5+ Kf8 30. Nd6 f6 31. Ne4 Bxe4 32. Rxe4 fxe5+ 33. Kg5 Kg7
34. Rge1 Rd4 35. Rxe5 h6# 0-1

[Event "Titled Tue 3rd Jun Early"]
[Site "chess.com INT"]
[Date "2025.06.03"]
[Round "9"]
[White "Moeller, Maurin"]
[Black "Scheglov, Gleb"]
[Result "1-0"]
[WhiteTitle "FM"]
[BlackTitle "FM"]
[WhiteElo "2291"]
[BlackElo "2318"]
[WhiteFideId "16265696"]
[BlackFideId "34356266"]
[EventDate "2025.06.03"]

1. c4 a6 2. g3 c6 3. Bg2 d5 4. cxd5 cxd5 5. Nf3 Nf6 6. O-O g6 7. d4 Bg7 8. Nc3
O-O 9. Ne5 b5 10. Qb3 Bb7 11. a4 Nc6 12. Nxc6 Bxc6 13. axb5 axb5 14. Bg5 Ne4 15.
Rxa8 Qxa8 16. Nxe4 dxe4 17. Bxe7 Re8 18. Bc5 e3 19. Bxc6 Qxc6 20. fxe3 Qd7 21.
Qd3 f5 22. Qb3+ Kh8 23. d5 Rc8 24. Rc1 h5 25. d6 Kh7 26. Rc2 Bh6 27. Qd5 Bxe3+
28. Kg2 Bh6 29. b4 Bg7 30. Ra2 Re8 31. Ra7 Rxe2+ 32. Kf3 Qe6 33. Qxe6 Rxe6 34.
d7 Bf6 35. d8=Q+ 1-0

[Event "Titled Tue 3rd Jun Early"]
[Site "chess.com INT"]
[Date "2025.06.03"]
[Round "9"]
[White "Vlassov, Nikolai"]
[Black "Daspres, Loic"]
[Result "1-0"]
[WhiteTitle "IM"]
[BlackTitle "CM"]
[WhiteElo "2291"]
[BlackElo "2207"]
[WhiteFideId "4103360"]
[BlackFideId "20612281"]
[EventDate "2025.06.03"]

1. e4 c5 2. c3 Nf6 3. e5 Nd5 4. d4 cxd4 5. cxd4 d6 6. Bc4 e6 7. Nf3 Nc6 8. O-O
dxe5 9. dxe5 Be7 10. Qe2 Nb6 11. Rd1 Bd7 12. Bd3 Nb4 13. Bb5 N4d5 14. Bd3 Rc8
15. a3 h6 16. Bd2 Qc7 17. Nd4 Nc4 18. Rc1 Qb6 19. Bc3 Nxc3 20. bxc3 Nxe5 21.
Qxe5 Qb2 22. Nd2 Qxd2 23. Qxg7 Rf8 24. Bb5 Rxc3 25. Bxd7+ Kxd7 26. Rd1 Qb2 27.
Ne2+ Kc6 28. Nxc3 Bc5 29. Rac1 Qxf2+ 30. Kh1 Rc8 31. Ne4 Qe3 32. Rxc5+ 1-0

[Event "Titled Tue 3rd Jun Early"]
[Site "chess.com INT"]
[Date "2025.06.03"]
[Round "9"]
[White "Yevchenko, Oleksandr"]
[Black "Lloret Ramis, Juan Jose"]
[Result "1-0"]
[WhiteTitle "CM"]
[BlackTitle "FM"]
[WhiteElo "2276"]
[BlackElo "2019"]
[WhiteFideId "14108267"]
[BlackFideId "2204053"]
[EventDate "2025.06.03"]

1. c4 e6 2. e4 d5 3. exd5 exd5 4. cxd5 Nf6 5. Nc3 Nxd5 6. Bc4 Nxc3 7. bxc3 Be7
8. Nf3 O-O 9. d4 Bg4 10. h3 Bh5 11. O-O Nd7 12. Re1 Bf6 13. Bf4 Nb6 14. Be2 Nd5
15. Bd2 c5 16. Ne5 Bxe2 17. Qxe2 cxd4 18. cxd4 Re8 19. Rad1 Qd6 20. Qf3 Bxe5 21.
dxe5 Rxe5 22. Rxe5 Qxe5 23. Be1 Rd8 24. Bc3 Qg5 25. Bb2 b6 26. Re1 Nc7 27. Qc6
Ne6 28. Qf3 h6 29. Kh1 Qd5 30. Qe2 Qxa2 31. Qb5 Qd5 32. Qe2 Nf4 33. Qg4 Ng6 34.
Rc1 Re8 35. Qa4 1-0

[Event "Titled Tue 3rd Jun Early"]
[Site "chess.com INT"]
[Date "2025.06.03"]
[Round "9"]
[White "Bilochenko, Matvii"]
[Black "Tyukhanov, Alexey"]
[Result "0-1"]
[WhiteTitle "CM"]
[BlackTitle "CM"]
[WhiteElo "2027"]
[BlackElo "2218"]
[WhiteFideId "41834062"]
[BlackFideId "24149829"]
[EventDate "2025.06.03"]

1. e4 c6 2. d4 d5 3. Nc3 dxe4 4. Nxe4 Nf6 5. Nxf6+ exf6 6. c3 Bd6 7. Bd3 O-O 8.
Qc2 Re8+ 9. Ne2 h6 10. O-O Qc7 11. Kh1 Nd7 12. Bd2 Nf8 13. Ng3 Bg4 14. Rae1 Rad8
15. Ne4 Bf4 16. Bxf4 Qxf4 17. Qc1 Qc7 18. h3 Be6 19. f4 Bd5 20. f5 Bxe4 21. Bxe4
Nd7 22. Bc2 Nb6 23. Bb3 Qd7 24. Qf4 a5 25. a3 Nd5 26. Bxd5 cxd5 27. g4 b5 28.
Kg2 b4 29. axb4 axb4 30. Rxe8+ Rxe8 31. Kf2 bxc3 32. bxc3 Qb5 33. Re1 Qb2+ 34.
Kf1 Rxe1+ 35. Kxe1 Qxc3+ 36. Kf2 Qxh3 37. Qb8+ Kh7 38. Qd8 Qxg4 39. Qxd5 Qf4+
40. Kg2 h5 41. Qxf7 Qg4+ 42. Kf1 Qxf5+ 43. Kg2 Qg4+ 44. Kh2 Qf4+ 45. Kh1 Qc1+
46. Kh2 Qd2+ 47. Kh1 Qe1+ 48. Kh2 Qf2+ 49. Kh1 Qh4+ 50. Kg2 Qe4+ 51. Kh2 Qc2+
52. Kh1 Qb1+ 53. Kh2 Qg6 54. Qe6 Qc2+ 55. Kh1 Qd1+ 56. Kh2 Qd2+ 57. Kh1 Qxd4 58.
Kh2 Qh4+ 59. Kg2 Qg4+ 0-1

[Event "Titled Tue 3rd Jun Early"]
[Site "chess.com INT"]
[Date "2025.06.03"]
[Round "9"]
[White "Ivashentseva, Dominika"]
[Black "Yushko, Olga"]
[Result "1-0"]
[WhiteTitle "WCM"]
[BlackTitle "WFM"]
[WhiteElo "1921"]
[BlackElo "2036"]
[WhiteFideId "34331050"]
[BlackFideId "14114500"]
[EventDate "2025.06.03"]

1. d4 Nf6 2. c4 e6 3. Nc3 d5 4. g3 Be7 5. Bg2 O-O 6. Nf3 dxc4 7. O-O Bd7 8. Ne5
Bc6 9. Nxc4 Bxg2 10. Kxg2 c5 11. Be3 cxd4 12. Bxd4 Nc6 13. Be5 Nxe5 14. Nxe5 Qb6
15. Rb1 Rfd8 16. Qa4 Rd4 17. Qc2 Rad8 18. Nf3 R4d7 19. Rfd1 Bc5 20. Na4 Rxd1 21.
Rxd1 Rxd1 22. Nxb6 Rd8 23. Na4 Bd6 24. Qb3 b6 25. Nc3 Bc5 26. h3 h6 27. Na4 Be7
28. Ne5 Rc8 29. Qb5 Rc2 30. Qa6 Bd6 31. Nc4 Bf8 32. Ne3 Rc7 33. Nc3 Bc5 34. Nb5
Rd7 35. Nxa7 Rd2 36. Nc6 Rxb2 37. a4 Ne4 38. Kf3 Nd2+ 39. Kg2 Ne4 40. Ne7+ Kh7
41. Qa8 Nc3 42. Qg8# 1-0

[Event "Titled Tue 3rd Jun Early"]
[Site "chess.com INT"]
[Date "2025.06.03"]
[Round "9"]
[White "Terkiewicz, Bruno"]
[Black "Pham, Le Thao Nguyen"]
[Result "0-1"]
[WhiteTitle "CM"]
[BlackTitle "IM"]
[WhiteElo "2183"]
[BlackElo "2388"]
[WhiteFideId "21093245"]
[BlackFideId "12401226"]
[EventDate "2025.06.03"]

1. Nc3 d5 2. d4 Nf6 3. Bf4 c6 4. e3 Bf5 5. Bd3 Bg6 6. h4 Nbd7 7. g4 Be4 8. f3
Bxd3 9. cxd3 e6 10. Nge2 h5 11. g5 Ng8 12. g6 fxg6 13. Bg5 Be7 14. Rg1 Kf7 15.
Nf4 Nf8 16. Nh3 Nh7 17. Ne2 Bf6 18. Nef4 Ne7 19. Qd2 Rc8 20. Qg2 Nf8 21. Rd1
Qa5+ 22. Kf1 Qxa2 23. e4 Qb3 24. Re1 Bxd4 25. Bxe7 Kxe7 26. exd5 cxd5 27. Nxg6+
Kd6 28. Qg3+ Kd7 29. Nxh8 Rc2 30. Nf4 Rf2+ 31. Qxf2 Bxf2 32. Rxg7+ Kd6 33. Rc1
Be3 34. Rc8 Bxf4 35. Rxf8 Qxd3+ 36. Kg1 Qd1+ 37. Kg2 Qe2+ 38. Kh1 Qf1+ 39. Rg1
Qh3# 0-1

[Event "Titled Tue 3rd Jun Early"]
[Site "chess.com INT"]
[Date "2025.06.03"]
[Round "9"]
[White "Aradhya, Garg"]
[Black "Ismagilov, Damir"]
[Result "1-0"]
[WhiteTitle "IM"]
[BlackTitle "CM"]
[WhiteElo "2383"]
[BlackElo "2173"]
[WhiteFideId "25006746"]
[BlackFideId "34199982"]
[EventDate "2025.06.03"]

1. d4 Nf6 2. c4 e6 3. Nf3 d5 4. Nc3 dxc4 5. e4 b5 6. e5 Nd5 7. Nxb5 Nb6 8. Be2
Nc6 9. O-O Be7 10. Be3 O-O 11. Qc1 Ba6 12. Nc3 Nb4 13. Rd1 N6d5 14. Nxd5 Qxd5
15. a3 Nd3 16. Qc3 Rab8 17. b4 Rbc8 18. Nd2 f6 19. Nxc4 Qxc4 20. Qxd3 Qxd3 21.
Bxd3 Bb7 22. Bc4 Kf7 23. exf6 Bxf6 24. Rac1 Rfd8 25. Kf1 Bd5 26. Ba6 c6 27. Bxc8
Rxc8 28. Bf4 Be7 29. Rc3 g5 30. Be5 Ra8 31. Bc7 Rc8 32. Ba5 Kg6 33. b5 c5 34.
dxc5 Rxc5 35. Rxc5 Bxc5 36. Bb4 Bc4+ 37. Ke1 Bxb4+ 38. axb4 Bxb5 39. Kd2 Kf5 40.
Ke3 h5 41. Rc1 a6 42. Rc5+ e5 43. g3 h4 44. f4 gxf4+ 45. gxf4 Kg4 46. fxe5 Kh3
47. Rxb5 axb5 48. e6 1-0

[Event "Titled Tue 3rd Jun Early"]
[Site "chess.com INT"]
[Date "2025.06.03"]
[Round "9"]
[White "Mayaud, Raphael"]
[Black "Hernandez Jimenez, Alexander Andres"]
[Result "1-0"]
[WhiteTitle "CM"]
[BlackTitle "FM"]
[WhiteElo "2126"]
[BlackElo "2043"]
[WhiteFideId "627151"]
[BlackFideId "3900452"]
[EventDate "2025.06.03"]

1. c4 e5 2. Nc3 Nf6 3. Nf3 Nc6 4. g3 d5 5. cxd5 Nxd5 6. Bg2 Nb6 7. O-O Be7 8. d3
O-O 9. b3 Be6 10. Bb2 f5 11. Rc1 Nd4 12. Nxd4 exd4 13. Nb1 c6 14. Nd2 Bf6 15.
Nc4 Bd5 16. Qd2 Re8 17. Rfe1 Bg5 18. f4 Bf6 19. e4 dxe3 20. Rxe3 Rxe3 21. Bxf6
Qxf6 22. Qxe3 Bxg2 23. Kxg2 Nd5 24. Qe5 Qxe5 25. Nxe5 Rd8 26. a3 Ne7 27. Kf3 Ng6
28. Ke3 Rd5 29. d4 Nxe5 30. dxe5 Kf7 31. Rc2 Ke6 32. Rd2 g5 33. Rxd5 Kxd5 34.
Kd3 g4 35. Kc3 c5 36. Kd3 b5 37. Kc3 a5 38. Kd3 b4 39. a4 h6 40. Kc2 Kc6 41. Kd2
Kd5 42. Kd3 h5 43. Kc2 Ke6 44. Kd2 Kd5 45. Kd3 1-0

[Event "Titled Tue 3rd Jun Early"]
[Site "chess.com INT"]
[Date "2025.06.03"]
[Round "9"]
[White "Sanhueza, Cristian"]
[Black "Miranda Camus, Joaquin Ignacio"]
[Result "1-0"]
[WhiteTitle "FM"]
[BlackTitle "FM"]
[WhiteElo "2182"]
[BlackElo "2196"]
[WhiteFideId "116815"]
[BlackFideId "3449300"]
[EventDate "2025.06.03"]

1. e4 c6 2. d4 d5 3. exd5 cxd5 4. c4 e6 5. Nc3 Nf6 6. c5 Be7 7. Nf3 O-O 8. Bd3
b6 9. b4 a5 10. Na4 bxc5 11. bxc5 Nbd7 12. O-O Bb7 13. Rb1 Qc7 14. Bf4 Qxf4 15.
Rxb7 e5 16. dxe5 Nxe5 17. Nxe5 Qxe5 18. Re1 Ne4 19. Nb6 Bxc5 20. Bxe4 dxe4 21.
Nxa8 Rxa8 22. Qd7 Qf6 23. Qd2 Rd8 24. Qc2 e3 25. fxe3 Bd6 26. Qe4 g6 27. Qf3 Qe6
28. Rf1 Rf8 29. a4 Bc5 30. Rb5 Bxe3+ 31. Kh1 Bd2 32. Qd5 Qxd5 33. Rxd5 Bb4 34.
Rd7 Kg7 35. h4 h5 36. g3 Bc3 37. Kg2 Bb4 38. Ra7 Bc3 39. Rb7 Bb4 40. Rc7 Bd2 41.
Rd1 Bb4 42. Rdd7 Be1 43. Kf3 Bb4 44. Ke4 Ba3 45. Rd3 Bb4 46. Rf3 Re8+ 47. Kd5
Rd8+ 48. Kc6 Rf8 49. Kb7 Ba3 50. Rxa3 Kf6 51. Rf3+ Ke6 52. Kb6 f5 53. Kxa5 Ke5
54. Kb6 Ke4 55. Rcc3 Rb8+ 56. Ka7 Rb1 57. a5 Rb2 58. a6 g5 59. hxg5 f4 60. Rxf4+
Ke5 61. g6 Rb7+ 62. axb7 h4 63. b8=Q+ Kd5 64. Qd8+ Ke6 65. Re3# 1-0

[Event "Titled Tue 3rd Jun Early"]
[Site "chess.com INT"]
[Date "2025.06.03"]
[Round "9"]
[White "Kovalchuk, Alexey"]
[Black "Demchenko, Anton"]
[Result "0-1"]
[WhiteTitle "FM"]
[BlackTitle "GM"]
[WhiteElo "2304"]
[BlackElo "2619"]
[WhiteFideId "24154385"]
[BlackFideId "4160258"]
[EventDate "2025.06.03"]

1. d4 Nf6 2. c4 d6 3. Nc3 e5 4. Nf3 Nc6 5. d5 Ne7 6. e4 Ng6 7. Be2 Be7 8. O-O
O-O 9. Ne1 h6 10. Nd3 Nh7 11. Rb1 Bg5 12. b4 f5 13. c5 Bxc1 14. Rxc1 Nf6 15. f3
a5 16. a3 axb4 17. axb4 Nh5 18. g3 Qg5 19. Rf2 Qe3 20. Nb2 Qg5 21. cxd6 cxd6 22.
Nc4 Ngf4 23. Bf1 Nxg3 24. hxg3 Qxg3+ 25. Rg2 Nh3+ 26. Kh1 Nf2+ 27. Rxf2 Qxf2 28.
Rc2 Qh4+ 29. Rh2 Qf6 30. Bd3 fxe4 31. Bxe4 Bf5 32. Ne3 Bd7 33. Ne2 Ra3 34. Qd2
Ra1+ 35. Kg2 Qg5+ 36. Kf2 Rfa8 37. Rg2 Qh4+ 38. Ng3 R8a2 39. Bc2 Qd4 40. Ke2
Bb5+ 0-1

[Event "Titled Tue 3rd Jun Early"]
[Site "chess.com INT"]
[Date "2025.06.03"]
[Round "9"]
[White "Ugarte Soto, Cesar"]
[Black "Rodriguez Avila, Alvaro"]
[Result "1-0"]
[WhiteTitle "CM"]
[BlackTitle "CM"]
[WhiteElo "2088"]
[BlackElo "2204"]
[WhiteFideId "3601331"]
[BlackFideId "24570249"]
[EventDate "2025.06.03"]

1. d4 Nf6 2. Bg5 c5 3. Bxf6 gxf6 4. d5 Qb6 5. Qc1 Bh6 6. e3 d6 7. Nd2 Bg7 8. c3
Nd7 9. Ngf3 Ne5 10. Nxe5 fxe5 11. g3 f5 12. Bg2 Bd7 13. O-O O-O-O 14. a4 h5 15.
h4 Rdg8 16. b4 f4 17. exf4 exf4 18. Nc4 Qc7 19. Qxf4 Bxc3 20. bxc5 Bxa1 21. cxd6
exd6 22. Rxa1 Rf8 23. Nxd6+ Kb8 24. Qb4 Qb6 25. Qa3 Rxf2 26. Kh2 Bg4 27. Nc4 Qd4
28. Qd6+ Ka8 29. Qe5 Qxe5 30. Nxe5 Be2 31. Kg1 Rf5 32. Ng6 Rd8 33. Nf4 Bc4 34.
Rd1 Bb3 35. Rd4 Rd6 36. Bf3 a6 37. a5 Kb8 38. Bxh5 Kc7 39. Bf3 b5 40. axb6+ Kxb6
41. Rb4+ Kc5 42. Rxb3 Kc4 43. Re3 a5 44. Kf2 a4 45. Re4+ Kb3 46. Bd1+ Kc3 47.
Rxa4 Rdxd5 48. Bf3 Rd2+ 49. Ne2+ Kd3 50. Rd4+ Kc2 51. Rxd2+ Kxd2 52. g4 Rf8 53.
g5 Kd3 54. g6 Kc4 55. h5 Kc5 56. g7 Rd8 57. h6 Kd6 58. h7 Ke7 59. g8=Q Kd7 60.
Qxd8+ Kxd8 61. h8=Q+ 1-0